| 000 | 00704nam a22002657a 4500 | ||
|---|---|---|---|
| 003 | UA-OsUOA | ||
| 001 | 29328 | ||
| 007 | ta | ||
| 008 | 20041007b un ||||| |||| 00| 0 ukr d | ||
| 100 | _aБаева О. А. | ||
| 090 |
_a808.5(075.8) _bБ12 |
||
| 942 | _cBK | ||
| 040 |
_aUA-OsUOA _bukr _cUA-OsUOA _dUA-OsUOA |
||
| 245 |
_aОраторское искусство и деловое общение _bУчебное пособие |
||
| 300 | _a328 с. | ||
| 955 | _a0 | ||
| 041 | _aukr | ||
| 080 | _a808.5(075.8) | ||
| 020 | _a985-6516-28-5 | ||
| 260 |
_aМинск _bНовое знание _c2001 |
||
| 044 | _aUA | ||
| 250 | _n2-е изд., испр. | ||
| 650 | 7 | _2UDC | |
| 999 |
_c315714 _d315714 |
||